Short Stories of Kaloji Narayan Rao/ (Record no. 206915)
[ view plain ]
| 000 -LEADER | |
|---|---|
| fixed length control field | 00655nam a22001937a 4500 |
| 005 - DATE AND TIME OF LATEST TRANSACTION | |
| control field | 20241112110633.0 |
| 010 ## - LCCN (DPL NO) | |
| LC control number | ENG-142589 |
| 020 ## - INTERNATIONAL STANDARD BOOK NUMBER | |
| Terms of availability | 60.00 |
| 035 ## - SYSTEM CONTROL NUMBER | |
| System control number | EN-126121 |
| 037 ## - SOURCE OF ACQUISITION | |
| Source of stock number/acquisition | DBAD |
| 082 ## - DEWEY DECIMAL CLASSIFICATION NUMBER | |
| Classification number | S |
| Edition number | First |
| 245 ## - TITLE STATEMENT | |
| Title | Short Stories of Kaloji Narayan Rao/ |
| Statement of responsibility, etc | Translated By Elanaaga :Edited By Nagilla Ramasastry, V.R. Vidyarthi [and] Potlapalli Srinivasarao |
| 260 ## - PUBLICATION, DISTRIBUTION, ETC. (IMPRINT) | |
| Place of publication, distribution, etc | Warangal |
| Name of publisher, distributor, etc | V.R. Vidyarthi |
| Date of publication, distribution, etc | 2020 |
| 270 ## - ADDRESS | |
| City | Warangal |
| Address | H.No. 2-7-1083, Kanakadurga Colony, Waddepally, Hanamkonda |
| Postal code | 506370 |
| 300 ## - PHYSICAL DESCRIPTION | |
| Extent | 106p. |
| Dimensions | 22cm(Pb) |
| 700 ## - ADDED ENTRY--PERSONAL NAME | |
| Personal name | Vidyarthi, V.R. |
| 9 (RLIN) | 73765 |
| 700 ## - ADDED ENTRY--PERSONAL NAME | |
| Personal name | Srinivasarao, potlapalli |
| 9 (RLIN) | 73766 |
| 942 ## - ADDED ENTRY ELEMENTS (KOHA) | |
| Source of classification or shelving scheme | Dewey Decimal Classification |
| Item type | English Books |
| Classification part | S |
| Call number suffix | SHO |
| Withdrawn status | Lost status | Not for loan | Collection code | Home library | Current library | Date acquired | Source of acquisition | Cost, normal purchase price | Full call number | Barcode | Copy number | Cost, replacement price | Koha item type |
|---|---|---|---|---|---|---|---|---|---|---|---|---|---|
| Fiction | Bawana | Bawana | 06/11/2024 | DBAD | 60.00 | S SHO | EN-126121 | 1 | 60.00 | English Books |
